Giáo trình pháp luật đại cương

Nội dung giáo trình trình bày các vấn đề cơ bản về nhà nước và pháp luật nói chung, Nhà nước và pháp luật Việt Nam,...

Kaydedildi:
Detaylı Bibliyografya
Yazar: Nguyễn, Hợp Toàn
Materyal Türü: Kitap
Dil:Undetermined
Baskı/Yayın Bilgisi: Hà Nội Kinh tế Quốc dân 2008
Konular:
Etiketler: Etiketle
Etiket eklenmemiş, İlk siz ekleyin!
Thư viện lưu trữ: Trung tâm Học liệu Trường Đại học Cần Thơ
LEADER 00845nam a2200229Ia 4500
001 CTU_140712
008 210402s9999 xx 000 0 und d
020 |c 45000 
082 |a 340.597 
082 |b T406 
100 |a Nguyễn, Hợp Toàn 
245 0 |a Giáo trình pháp luật đại cương 
245 0 |c Nguyễn Hợp Toàn chủ biên 
260 |a Hà Nội 
260 |b Kinh tế Quốc dân 
260 |c 2008 
520 |a Nội dung giáo trình trình bày các vấn đề cơ bản về nhà nước và pháp luật nói chung, Nhà nước và pháp luật Việt Nam,... 
650 |a Law,Law,Pháp luật 
650 |x Study and teaching 
650 |z Vietnam,Việt Nam 
904 |i Năm 
980 |a Trung tâm Học liệu Trường Đại học Cần Thơ